000 00381nam a2200157Ia 4500
008 240729s9999 xx 000 0 und d
022 _a2410-3896
245 0 _aCondensed Matter
260 _aSwitzerland
260 _bMDPI AG
650 _a Physics
650 _aScience
856 _uhttps://doaj.org/toc/cbcd42ee9a1348a4b64bb719d83b2471
942 _2ddc
942 _cDOAJEJ
999 _c67572
_d67572
945 _a1
_bMadushi Gamage
_c1
_dMadushi Gamage